| 000 | 00432nam a2200157Ia 4500 | ||
|---|---|---|---|
| 008 | 210716s2004 xx 000 0 und d | ||
| 020 | _a8181281713 | ||
| 041 | _aeng | ||
| 082 | _a005.2764 MACM | ||
| 100 | _aMacdonald, Matthew. | ||
| 245 |
_aBeginning ASP.NET in VB.NET: from novice to professional. _bFrom novice to professional. |
||
| 250 | _a1 | ||
| 260 |
_aNew Delhi _bSpringer _c2004 |
||
| 300 | _axxiv,983 | ||
| 650 | _aASP | ||
| 999 |
_c187247 _d187247 |
||